00743 2200229 4500001002100000005001700021008004100038035002400079040001200103082001600115084002100131100001900152245013700171260005400308300003100362500002800393504002600421650002000447700001600467850001200483990001800495INLIS00000000002330220161019111909.0  0010-101600000000254 aYOPDYOG 223a297.324 aSK 297.324 Elv M aELVA Lutfiyati aMetode penyampaian materi pengajian di panti asuhan yatim piatu mabarrot desa srimartani kecamatan piyungan bantulc/ Elva Lutfiyati aYogyakartabUniversitas IAIN Sunan Kalijagac2001 axii, 108 lembarc; 29,5 cm aSkripsi Fakultas Dakwah aBibliografi: hlm. 108 aKhotbah (Islam) aAbror Sodik aYOPDYOG a45640-PD/A.12